| 000 | 01032nam a2200277 a 4500 | ||
|---|---|---|---|
| 001 | 000047744 | ||
| 003 | DO-SdBNP | ||
| 005 | 20250221073755.0 | ||
| 007 | ta | ||
| 008 | 100208s2009 dr abd 000 0 spa d | ||
| 040 |
_aDO-SdBNP _bspa _cBNPHU |
||
| 082 |
_a304.6097293 _bR426n _222 |
||
| 110 | 1 |
_aRepública Dominicana. _bOficina Nacional de Estadística _95775 |
|
| 245 | 1 | 0 |
_aLas migraciones interprovinciales en la República Dominicana (1997-2002) / _cedición Pablo Tactuk. |
| 246 | 0 | 3 | _aOctavo censo nacional de población y viviencia |
| 246 | 0 | 3 | _aVIII enso nacional de población y vivienda 2002 |
| 260 |
_aSanto Domingo : _bONE, _c2009. |
||
| 300 |
_a74 p. : _bil., map.,diagrs. ; _c28 cm. |
||
| 590 | _aInventariado, 2018/VM | ||
| 650 | 4 |
_aViviendas _zRepública Dominicana _xEstadísticas _934809 |
|
| 651 | 4 |
_aRepública Dominicana _xPoblación _xEstadísticas _92321 |
|
| 651 | 4 |
_xCenso, 2002 _975347 |
|
| 710 | 1 |
_aRepública Dominicana. _bOficina Nacional de Estadística _95775 |
|
| 910 | _aVM | ||
| 942 |
_2ddc _cLBS1 |
||
| 999 |
_c47232 _d47232 |
||